000 00689cam a2200205 4500
001 BUCI004646
008 t19761976mx a spa
035 _aBUCI004646
050 0 0 _aDS777.55
_bC64 1976
100 1 _aCollotti Pischel, Enrica
245 1 3 _aLa Revolución China /
_cEnrica Collotti Pischel , tr. Ana María Palos.
260 _aMexico :
_bEra,
_c1976
300 _av. ;
_c20 cm.
440 0 _aHistoria de las revoluciones del siglo XX. El hombre y su tiempo
500 _aTraducción de: La rivoluzione cinese
504 _aIncluye índice e índice de nombres
650 1 0 _aComunismo
_xRevolución
_zChina
700 1 _aPalos, Ana María, tr.
942 _2lcc
_cLIB
999 _c78234
_d78234